000 00616nam a2200193 4500
001 116225
003 ES-MaACL
005 20230906190648.0
007 t|
008 061121s1967 sp r ||||1| spa d
100 1 _aOsborn, Reuben.
_987719
245 1 0 _aMarxismo y psicoanálisis /
_cReuben Osborn ; introducción de John Strachey ; traducción de Ester Donato.
250 _a1ª. ed.
260 _aMadrid ; Barcelona :
_bPenínsula : Diamante,
_c1967.
300 _a190 p. :
_bil. ;
_c20 cm.
700 1 _aStrachey, John.
_9108355
700 1 _aDonato, Ester.
_945293
852 _aES-MaACL
_jC-33790
_bR.64604
999 _c116225
_d116225